A fellebbezési jog kérdései az államigazgatási eljárásban

Elmentve itt :
Bibliográfiai részletek
Szerző: Tóth Éva
További közreműködők: Martonyi János (Témavezető)
Dokumentumtípus: Szakdolgozat
Megjelent: 1977
Tárgyszavak:
Online Access:http://diploma.bibl.u-szeged.hu/19288
LEADER 00561nta a2200157 i 4500
001 dipl19288
005 20130314075312.0
008 120105s1977 hu om 0|| zxx d
040 |a SZTE Diploma Repozitórium  |b hun 
041 |a zxx 
100 1 |a Tóth Éva 
245 1 2 |a A fellebbezési jog kérdései az államigazgatási eljárásban  |h [elektronikus dokumentum] /  |c Éva Tóth 
260 |c 1977 
650 4 |a Jogi és igazgatási tanulmányok 
700 1 |a Martonyi János  |e ths 
856 4 0 |u http://diploma.bibl.u-szeged.hu/id/eprint/19288/1/1975_toth_eva.pdf  |z Dokumentum-elérés